Rules of play : game design fundamentals (Record no. 12832)

000 -LEADER
fixed length control field 00333nam a22001337a 4500
020 ## - INTERNATIONAL STANDARD BOOK NUMBER
International Standard Book Number 9780262240451
082 ## - DEWEY DECIMAL CLASSIFICATION NUMBER
Classification number 794.81526 KAT
100 ## - MAIN ENTRY--PERSONAL NAME
Personal name Katie Salen
245 ## - TITLE STATEMENT
Title Rules of play : game design fundamentals
260 ## - PUBLICATION, DISTRIBUTION, ETC.
Place of publication, distribution, etc. London
Name of publisher, distributor, etc. MIT press
Date of publication, distribution, etc. 2004
300 ## - PHYSICAL DESCRIPTION
Extent xiii, 672p. :
Accompanying material 24 cm
650 ## - SUBJECT ADDED ENTRY--TOPICAL TERM
Topical term or geographic name entry element Computer games--Design
942 ## - ADDED ENTRY ELEMENTS (KOHA)
Koha item type Book
Holdings
Withdrawn status Lost status Damaged status Not for loan Collection code Permanent Location Current Location Shelving location Date acquired Source of acquisition Cost, normal purchase price Total Checkouts Total Renewals Full call number Barcode Date last seen Date last checked out Price effective from Koha item type
          Central Library (CL) Central Library (CL) General Stacks 04/27/2014 Grace Books 4605.85 2 1 794.81526 KAT SEECS013181 08/08/2016 08/02/2016 04/27/2014 Book
© 2023 Central Library, National University of Sciences and Technology. All Rights Reserved.